Statistics for Movies By 1 Actor and 1 Actress - MCU Edition

Click here to take the quiz!

General Stats

  • This quiz has been taken 37 times
  • The average score is 22 of 26

Answer Stats

CastMovie% Correct
Chadwick Boseman, Lupita Nyong'oBlack Panther
100%
Robert Downey Jr., Gwyneth PaltrowIron Man
100%
Paul Rudd, Evangeline LillyAnt-Man
96%
Scarlett Johansson, David HarbourBlack Widow
96%
Chris Evans, Hayley AtwellCaptain America: The First Avenger
96%
Chris Pratt, Zoe SaldanaGuardians of the Galaxy
96%
Zendaya, Willem DafoeSpider-Man: No Way Home
96%
Chris Hemsworth, Natalie PortmanThor
96%
Benedict Cumberbatch, Rachel McAdamsDoctor Strange
93%
Michael Douglas, Michelle PfeifferAnt-Man & The Wasp
89%
Gwyneth Paltrow, Sam RockwellIron Man 2
89%
Marisa Tomei, Michael KeatonSpider-Man: Homecoming
89%
Tom Hiddleston, Cobie SmuldersThe Avengers
89%
Edward Norton, Liv TylerThe Incredible Hulk
89%
Jeff Goldblum, Cate BlanchettThor: Ragnarok
89%
Brie Larson, Ben MendelsohnCaptain Marvel
86%
Chris Evans, Elizabeth OlsenCaptain America: Civil War
82%
Ben Kingsley, Dale DickeyIron Man 3
75%
Christian Bale, Tessa ThompsonThor: Love and Thunder
75%
Salma Hayek, Kit HarringtonEternals
71%
Anthony Hopkins, Natalie PortmanThor: The Dark World
68%
Chris Evans, Scarlett JohanssonCaptain America: The Winter Soldier
64%
Bradley Cooper, Pom KlementieffGuardians of the Galaxy vol. 2
64%
Angela Bassett, Winston DukeBlack Panther: Wakanda Forever
61%
Benedict Cumberbatch, Elizabeth OlsenDoctor Strange in the Multiverse of Madness
61%
Kathyrn Newton, Bill MurrayAnt-Man & The Wasp: Quantumania
54%

Score Distribution

Percentile by Number Answered

Percent of People with Each Score

Your Score History

You have not taken this quiz